A szakmák szerinti adókivetés
Elmentve itt :
| Dokumentumtípus: | Cikk |
|---|---|
| Megjelent: |
1925
|
| Sorozat: | Polgári jog : a hazai és külföldi magánjog és hiteljog szemléje
1 |
| Kulcsszavak: | Közigazgatás adóügy hatáskör |
| Online Access: | http://misc.bibl.u-szeged.hu/4043 |
| LEADER | 00566nab a2200157 i 4500 | ||
|---|---|---|---|
| 001 | misc4043 | ||
| 005 | 20191106143135.0 | ||
| 008 | 170607s1925 hu o 0|| hun d | ||
| 040 | |a SZTE Miscellanea Repozitórium |b hun | ||
| 041 | |a hun | ||
| 245 | 0 | 2 | |a A szakmák szerinti adókivetés |h [elektronikus dokumentum] |
| 260 | |c 1925 | ||
| 300 | |a 61-62b | ||
| 490 | 0 | |a Polgári jog : a hazai és külföldi magánjog és hiteljog szemléje |v 1 | |
| 695 | |a Közigazgatás adóügy hatáskör | ||
| 856 | 4 | 0 | |u http://misc.bibl.u-szeged.hu/4043/1/polgari_jog_1925_061-062b.pdf |z Dokumentum-elérés |